Genomics data analysis for crop improvement / (Record no. 52158)
[ view plain ]
| 000 -LEADER | |
|---|---|
| fixed length control field | 00654nam a2200241Ia 4500 |
| 005 - DATE AND TIME OF LATEST TRANSACTION | |
| control field | 20260429112049.0 |
| 008 - FIXED-LENGTH DATA ELEMENTS--GENERAL INFORMATION | |
| fixed length control field | 260429s9999||||xx |||||||||||||| ||und|| |
| 020 ## - INTERNATIONAL STANDARD BOOK NUMBER | |
| International Standard Book Number | 9789819969159 |
| 041 ## - LANGUAGE CODE | |
| Language | English |
| 082 ## - DEWEY DECIMAL CLASSIFICATION NUMBER | |
| Classification number | 631.523 |
| Item number | ANJ |
| 100 ## - MAIN ENTRY--PERSONAL NAME | |
| Personal name | Anjoy, Priyanka |
| 245 #0 - TITLE STATEMENT | |
| Title | Genomics data analysis for crop improvement / |
| Statement of responsibility, etc | Priyanka Anjoy |
| 250 ## - EDITION STATEMENT | |
| Edition statement | 1st ed. |
| 260 ## - PUBLICATION, DISTRIBUTION, ETC. (IMPRINT) | |
| Place of publication, distribution, etc | Singapore : |
| Name of publisher, distributor, etc | Springer, |
| Date of publication, distribution, etc | 2024. |
| 300 ## - PHYSICAL DESCRIPTION | |
| Extent | xi, 374 p.; pbk |
| 650 ## - SUBJECT ADDED ENTRY--TOPICAL TERM | |
| Topical term or geographic name as entry element | Agricultural biotechnology |
| 650 ## - SUBJECT ADDED ENTRY--TOPICAL TERM | |
| Topical term or geographic name as entry element | Crop improvement |
| 650 ## - SUBJECT ADDED ENTRY--TOPICAL TERM | |
| Topical term or geographic name as entry element | Genomics |
| 700 ## - ADDED ENTRY--PERSONAL NAME | |
| Personal name | Chandra, Girish |
| 700 ## - ADDED ENTRY--PERSONAL NAME | |
| Personal name | Gaikwad, Kishor |
| 700 ## - ADDED ENTRY--PERSONAL NAME | |
| Personal name | Kumar, Kuldeep |
| 942 ## - ADDED ENTRY ELEMENTS (KOHA) | |
| Koha item type | Text Books |
| Withdrawn status | Lost status | Damaged status | Not for loan | Collection code | Home library | Location | Shelving location | Date of Cataloging | Source of acquisition | Total Checkouts | Full call number | Barcode | Date last seen | Price effective from | Koha item type |
|---|---|---|---|---|---|---|---|---|---|---|---|---|---|---|---|
| Non-fiction | CUTN Central Library | CUTN Central Library | Medicine, Technology & Management | 29/04/2026 | International Books Services, New Delhi - Invoice No. IBS/2025-2026/191 on 09-02-2026 | 631.523 ANJ | 57234 | 29/04/2026 | 29/04/2026 | Text Books |
